Hairy-Cell Leukaemia / (Record no. 5270)
[ view plain ]
| 000 -LEADER | |
|---|---|
| fixed length control field | 03717cam a2200433Mi 4500 |
| 003 - CONTROL NUMBER IDENTIFIER | |
| control field | OSt |
| 005 - DATE AND TIME OF LATEST TRANSACTION | |
| control field | 20220406084243.0 |
| 008 - FIXED-LENGTH DATA ELEMENTS--GENERAL INFORMATION | |
| fixed length control field | 220406b ||||| |||| 00| 0 eng d |
| 020 ## - INTERNATIONAL STANDARD BOOK NUMBER | |
| International Standard Book Number | 3540099204 |
| 040 ## - CATALOGING SOURCE | |
| Transcribing agency | ALUPE UNIVERSITY |
| 050 ## - LIBRARY OF CONGRESS CALL NUMBER | |
| Classification number | RC261 |
| Item number | .H39 1980 |
| 100 1# - MAIN ENTRY--PERSONAL NAME | |
| Personal name | Cawley, John C. |
| 245 10 - TITLE STATEMENT | |
| Title | Hairy-Cell Leukaemia / |
| Statement of responsibility, etc. | by John C. Cawley, Gordon F. Burns, Frank G.J. Hayhoe. |
| 260 ## - PUBLICATION, DISTRIBUTION, ETC. | |
| Place of publication, distribution, etc. | Berlin, Heidelberg : |
| Name of publisher, distributor, etc. | Springer Berlin Heidelberg, |
| Date of publication, distribution, etc. | 1980. |
| 300 ## - PHYSICAL DESCRIPTION | |
| Extent | 1 online resource (ix, 123 pages 64 illustrations) |
| 336 ## - CONTENT TYPE | |
| Content type term | text |
| Content type code | txt |
| Source | rdacontent |
| 337 ## - MEDIA TYPE | |
| Media type term | computer |
| Media type code | c |
| Source | rdamedia |
| 338 ## - CARRIER TYPE | |
| Carrier type term | online resource |
| Carrier type code | cr |
| Source | rdacarrier |
| 490 1# - SERIES STATEMENT | |
| Series statement | Recent Results in Cancer Research, Fortschritte der Krebsforschung Progrès dans les recherches sur le cancer, |
| International Standard Serial Number | 0080-0015 ; |
| Volume/sequential designation | 72 |
| 505 0# - FORMATTED CONTENTS NOTE | |
| Formatted contents note | 1 Introduction -- 2 Clinical Aspects -- 2.1 Occurrence -- 2.2 Clinical Features at Presentation -- 2.3 Haematology at Presentation -- 2.4 Other Investigations -- 2.5 Treatment -- 2.6 Clinical and Haematological Progress -- 2.7 Complications and Cause of Death -- 3 Pathology -- 3.1 Bone Marrow -- 3.2 Spleen -- 3.3 Liver -- 3.4 Lymph Nodes -- 4 The Hairy Cell: Cytological Aspects -- 4.1 Cytology -- 4.2 Cytochemistry -- 4.3 Ultrastructure -- 4.4 Cytokinetics -- 4.5 Cytogenetics -- 4.6 Metabolism -- 4.7 Culture -- 5 The Hairy Cell: Immunological Aspects -- 5.1 Transformation and Cytotoxicity Studies -- 5.2 Surface Receptors -- 5.3 Monocytic Features -- 5.4 Immunoglobulin Synthesis and Secretion -- 5.5 Summary of the Immunological Membrane Phenotype of Typical HCs -- 5.6 T-cell Features -- 6 Other Haemic Cells -- 6.1 Granulocytes -- 6.2 Monocytes -- 6.3 Platelets -- 6.4 Lymphocytes -- 7 Diagnosis -- 7.1 Differential Diagnosis -- 7.2 A New Distinct Entity -- 8 Conclusions and Future Trends -- 9 References -- 10 Subject Index. |
| 520 ## - SUMMARY, ETC. | |
| Summary, etc. | Hairy-cell leukaemia (HCL) is an established clinicopathological entity typified by a chronic picture of substantial splenomegaly, less frequent hepatomegaly, and only inconspicuous lymphadenopathy. Central to the diagnosis is the pathognomonic hairy cell (HC), a dis tinctive mononuclear cell that circulates in varying numbers and infiltrates a variety of organs, including the bone marrow and spleen. Peripheral pancytopenia is often present, and circulating HCs may be infrequent. HCs are invariably present in the bone marrow; but, per haps because of the extensive fibrosis characteristic of the disease, the marrow is frequently difficult to aspirate, and confirmation of the diagnosis may require histopathological ex amination of biopsy material. The incidence of the disease has been given as 2% ofleukaemias [29, 319] or as approximately 1 % of identifiable lymphomas [230]. Our own experience of collecting cases in the United Kingdom leads us to expect that at any given time one patient with HCL will be attending a clinic serving some 150,000 people. |
| 650 #0 - SUBJECT ADDED ENTRY--TOPICAL TERM | |
| Topical term or geographic name entry element | Medicine. |
| 650 #0 - SUBJECT ADDED ENTRY--TOPICAL TERM | |
| Topical term or geographic name entry element | Oncology. |
| 650 #2 - SUBJECT ADDED ENTRY--TOPICAL TERM | |
| Topical term or geographic name entry element | Medicine |
| 650 #2 - SUBJECT ADDED ENTRY--TOPICAL TERM | |
| Topical term or geographic name entry element | Medical Oncology |
| 650 #6 - SUBJECT ADDED ENTRY--TOPICAL TERM | |
| Topical term or geographic name entry element | Médecine. |
| 650 #6 - SUBJECT ADDED ENTRY--TOPICAL TERM | |
| Topical term or geographic name entry element | Cancérologie. |
| 650 #7 - SUBJECT ADDED ENTRY--TOPICAL TERM | |
| Topical term or geographic name entry element | medicines (material) |
| Source of heading or term | aat |
| 650 #7 - SUBJECT ADDED ENTRY--TOPICAL TERM | |
| Topical term or geographic name entry element | Medicine. |
| Source of heading or term | fast |
| Authority record control number or standard number | (OCoLC)fst01014893 |
| 650 #7 - SUBJECT ADDED ENTRY--TOPICAL TERM | |
| Topical term or geographic name entry element | Oncology. |
| Source of heading or term | fast |
| Authority record control number or standard number | (OCoLC)fst01045739 |
| 655 #0 - INDEX TERM--GENRE/FORM | |
| Genre/form data or focus term | Electronic books. |
| 655 #4 - INDEX TERM--GENRE/FORM | |
| Genre/form data or focus term | Electronic books. |
| 700 1# - ADDED ENTRY--PERSONAL NAME | |
| Personal name | Burns, Gordon F. |
| 700 1# - ADDED ENTRY--PERSONAL NAME | |
| Personal name | Hayhoe, Frank G. J. |
| 776 18 - ADDITIONAL PHYSICAL FORM ENTRY | |
| Relationship information | Print version: |
| International Standard Book Number | 9783642814396 |
| 776 18 - ADDITIONAL PHYSICAL FORM ENTRY | |
| Relationship information | Online version: |
| Main entry heading | Cawley, John C. |
| Title | Hairy-Cell Leukaemia. |
| Place, publisher, and date of publication | Berlin, Heidelberg : Springer Berlin Heidelberg, 1980 |
| Record control number | (OCoLC)1296392610 |
| 830 #0 - SERIES ADDED ENTRY--UNIFORM TITLE | |
| Uniform title | Recent Results in Cancer Research, Fortschritte der Krebsforschung Progrès dans les recherches sur le cancer ; |
| Volume/sequential designation | 72. |
| 942 ## - ADDED ENTRY ELEMENTS (KOHA) | |
| Source of classification or shelving scheme | |
| Koha item type | Book |
| Suppress in OPAC | BA |
| Withdrawn status | Lost status | Source of classification or shelving scheme | Damaged status | Not for loan | Permanent Location | Current Location | Shelving location | Date acquired | Source of acquisition | Total Checkouts | Full call number | Barcode | Date last seen | Price effective from | Koha item type | Public note |
|---|---|---|---|---|---|---|---|---|---|---|---|---|---|---|---|---|
| AU LIBRARY | AU LIBRARY | Open Shelf | 06.04.2022 | DONATION FROM MOI UNIVERSITY | RC261 .H39 1980 | 28007819 | 06.04.2022 | 06.04.2022 | Book | BA |